000
00255nam a2200097Ia 4500
001
1251459
005
20251031150916.0
008
251031s9999 xx 000 0 und d
245
0
_c
BEHİÇ AK
_a
J-2 ALTI KIRK DÖRT DALGASI
260
_b
GÜNIŞIĞI YAYINLARI
999
_c
1251459
_d
1251459